000 00579cam a2200157 a 4500
020 _a9780077342289 (pbk. : acidfree paper)
050 4 _aQ183.3.A1
_bI59 2008
245 0 0 _aSCI Integrated science
_h[electronic resource] :
_b2009 CUSTOM EDITION
_cMichael E. Brint, David J. Marcey, Michael C. Shaw, editors.
260 _aNew York :
_bMcGraw Hill
_c2008
650 0 _xStudy and teaching (Higher)
700 1 _aBrint, Michael.
700 1 _aMarcey, David James.
700 1 _aShaw, Michael C.
856 4 0 _uhttp://www.columbia.edu/cgi-bin/cul/resolve?clio7899939
942 _2lcc
_cGEN
999 _c8200
_d8200